000 00481nam a2200157 i 4500
001 24359
003 ES-MaACL
005 20230906153033.0
007 t|
008 021217s1969 sp ||||1| spa d
245 0 0 _aAntología de cartas de amor /
_cselección, prólogo y notas de Francisco Hernández Blasco.
260 _aMadrid :
_bEd. Nacional,
_c1969.
300 _a434 p. ;
_c24 cm.
700 1 _aHernández Blasco, Francisco.
_962891
852 _aES-MaACL
_jC-37837
_bR.71945
999 _c24359
_d24359